000
00304nam a22001457a 4500
003
SGT
020
_a
978-81-239-2517-2
082
_a
617
_b
M15P
100
_a
PANDEY, VIVEK
245
_a
MANIPAL ORTHOPEDIC
260
_a
INDIA
_b
CBS
_c
2015
300
_a
232
650
_a
ORTHOPEDIC
942
_2
ddc
_c
BK
_0
3
999
_c
10550
_d
10550